000 00667nam a2200241 i 4500
001 C2-0330120
003 PPAK
005 20180728131008.0
008 150318s2008 enk |||| ||||| | eng d
020 _a9780007274444
040 _aPPAK
_beng
_cPPAK
_erda
082 0 4 _a823
_223
090 0 0 _a823
_bCOE
_dG
100 1 _aCoelho, Paulo,
_eauthor
245 1 0 _aBrida
264 1 _aLondon :
_bHarperCollins Publishers ,
_c2008
300 _a249 pages ;
_c23 cm
336 _2rdacontent
_atext
337 _2rdamedia
_aunmediated
338 _2rdacarrier
_avolume
650 1 0 _aEnglish fiction. ; Portuguese language - Translation into English.
942 _ddc
_cB
999 _c129223
_d129223